MARC details
| 000 -CABECERA |
| campo de control de longitud fija |
00867nam a2200193 a 4500 |
| 001 - NÚMERO DE CONTROL |
| campo de control |
000037276 |
| 005 - FECHA Y HORA DE LA ÚLTIMA TRANSACCIÓN |
| campo de control |
20200930080246.0 |
| 008 - DATOS DE LONGITUD FIJA--INFORMACIÓN GENERAL |
| campo de control de longitud fija |
120321s1984 sp 001 c spa d |
| 020 ## - NÚMERO INTERNACIONAL ESTÁNDAR DEL LIBRO |
| Número Internacional Estándar del Libro |
8400056531 |
| 040 ## - FUENTE DE LA CATALOGACIÓN |
| Centro catalogador/agencia de origen |
DO-SdBNP |
| Lengua de catalogación |
spa |
| Centro/agencia transcriptor |
BNPHU |
| 100 1# - ENTRADA PRINCIPAL--NOMBRE DE PERSONA |
| Nombre de persona |
Diego de Valencia de León |
| 9 (RLIN) |
63703 |
| 245 10 - MENCIÓN DE TÍTULO |
| Título |
Tratados Castellanos sobre la predestinación y sobre la trinidad y la encarnación, del maestro Fray Diego de Valencia (siglo xv) : |
| Resto del título |
identificación de su autoria y edición crítica / |
| Mención de responsabilidad, etc. |
Isaac Vazquez Janeiro. |
| 260 ## - PUBLICACIÓN, DISTRIBUCIÓN, ETC. |
| Lugar de publicación, distribución, etc. |
Madrid : |
| Nombre del editor, distribuidor, etc. |
C.S.I.C., Instituto "Francisco Suarez, |
| Fecha de publicación, distribución, etc. |
1984. |
| 300 ## - DESCRIPCIÓN FÍSICA |
| Extensión |
184 p. ; |
| Dimensiones |
25 cm. |
| 490 1# - MENCIÓN DE SERIE |
| Mención de serie |
Bibliotheca theologica hispana. Serie 2a, |
| -- |
Textos |
| Designación de volumen o secuencia |
2 |
| 700 1# - PUNTO DE ACCESO ADICIONAL--NOMBRE DE PERSONA |
| Nombre de persona |
Vázquez Janeiro, Isaac |
| 9 (RLIN) |
63704 |
| 710 2# - PUNTO DE ACCESO ADICIONAL--NOMBRE DE ENTIDAD CORPORATIVA |
| Nombre de entidad corporativa o nombre de jurisdicción como elemento de entrada |
Consejo Superior de Investigaciones Científicas |
| 9 (RLIN) |
4786 |
| 830 #0 - PUNTO DE ACCESO ADICIONAL DE SERIE-TÍTULO UNIFORME |
| Título uniforme |
Bibliotheca theologica hispana. Serie 2a, |
| Nombre de parte o sección de la obra |
textos |
| Designación de volumen o secuencia |
2 |
| 9 (RLIN) |
63705 |